000 00458cam a22001217a 4500
008 180718b1975 xxu||||| |||| 00| 0 eng d
082 _aP00x54 N213g
100 _aShukla, P.D.
245 _aEducational administration in Goa, Daman & Diu: a survey report
_cby P.D. Shukla
260 _aNew Delhi
_bNational Staff College for Educational Planners Administrators
_c1975
300 _a63p.
650 _aSchool management and organization --India --Goa, Daman & Diu
999 _c500713
_d500713